Vámonos con Pancho Villa!
Saved in:
| Main Author: | |
|---|---|
| Format: | Book |
| Language: | Spanish |
| Published: |
Santiago
LOM
2010
|
| Edition: | 1a. ed |
| Series: | Colección Narrativa
|
| Subjects: | |
| Tags: |
Add Tag
No Tags, Be the first to tag this record!
|
MARC
| LEADER | 00000nam a2200000 a 4500 | ||
|---|---|---|---|
| 001 | UCG6183 | ||
| 003 | CL-VaPUC | ||
| 008 | 110407e20100000CL |||||||||||||||||spa|d | ||
| 020 | |a 9789560001764 | ||
| 082 | 0 | 4 | |a 863 |b MUÑ |2 21 |
| 100 | |a Muñoz, Rafael Felipe |e autor |9 548938 | ||
| 245 | 1 | 0 | |a Vámonos con Pancho Villa! |
| 250 | |a 1a. ed | ||
| 300 | |a 215 p | ||
| 942 | |c BK | ||
| 945 | |d 20110407 00:00:00 |a jcampos | ||
| 260 | |a Santiago |b LOM |c 2010 | ||
| 600 | 0 | 7 | |a PANCHO VILLA |2 CL-VaPUC |9 556217 |
| 650 | 0 | |a Novelas mexicanas |9 317570 | |
| 650 | 0 | |a Literatura mexicana |9 313097 | |
| 650 | 0 | |a Revolución mexicana |9 369585 | |
| 583 | |a last modification |c 20110407 00:00:00 |k Rodrigo Vera | ||
| 490 | 0 | |a Colección Narrativa | |
| 999 | |c 344457 |d 344455 | ||
| 952 | |0 0 |1 0 |4 0 |6 863_000000000000000_MUÑ_2010 |7 0 |8 C |9 442438 |a BIBCUR |b BIBCUR |d 2019-11-22 |i 4764013 |o 863 MUÑ 2010 |p 4764013 |r 2025-04-22 |w 2019-11-22 |y BK |k CAC | ||